Effects of Radiation on Structural Materials : Proceedings of the Ninth International Symposium /

Salvato in:
Dettagli Bibliografici
Autori principali: Sprague, J.A (Autore), Kramer, David (Autore)
Natura: Libro
Lingua:inglese
Pubblicazione: Philadelphia : ASTM, 1979
Serie:ASTM Special Technical Publication Vol.683
Tags: Aggiungi Tag
Nessun Tag, puoi essere il primo ad aggiungerne!!

MARC

LEADER 00000nam a22000003a 4500
001 stu18439
005 20150617225752.4
008 920325s1979----xxu-----------------eng-d
040 |a STU  |b slo 
041 0 |a eng 
044 |a xxu 
080 |a 539.16+620.1 
100 1 |a Sprague, J.A  |4 aut 
245 1 |a Effects of Radiation on Structural Materials :  |b Proceedings of the Ninth International Symposium /  |c [aut.]Sprague,J.A, Kramer,David 
260 |a Philadelphia :  |b ASTM,  |c 1979 
300 |a 684 s 
700 1 |a Kramer, David  |4 aut 
830 0 |a ASTM Special Technical Publication  |v Vol.683 
996 |b C89129  |c C*89129  |l CCVIIIB  |s P  |a 0  |w stu18439_0001 
996 |b C89197  |c C*89197  |l CCXXIVA  |s P  |a 0  |w stu18439_0002